000 00542cam a22001457a 4500
999 _c521493
_d521493
008 180718b-- xxu||||| |||| 00| 0 eng d
082 _aA84x54332/2021
245 _aStatistical abstract, Chandigarh, 2020
_cby Directorate of Economics and Statistics, Chandigarh
260 _aChandigarh
_bDirectorate of Economics and Statistics
_c2022
300 _a370p.
500 _aLibrary has 2005, 2010, 2018, 2020-21
650 _aChandigarh - Statistics
_911863
700 _aChandigarh. Directorate of Economics and Statistics
_911864
942 _2ddc